000 00357nam a22001457a 4500
020 _a0130156701
082 _a658.3
_bDES
100 _aDessler, Gary
245 _aHuman Resource Management /
_cGary Dessler
250 _a8th Edition.
260 _aNew Jersey :
_bPrentice Hall,
_c2000.
300 _a699p. ;
_c25 cm.
563 _aPBK.
942 _2ddc
_cBK
999 _c589170
_d589170